00465nam a2200193Ia 4500008004100000020001800041050001600059100001600075245004300091245001900134260001500153260001600168260000900184300001600193300002000209300001000229300002400239500000800263170918s9999 xx 000 0 und d a9780590846288 bP639ca 1997 aPilkey, Dav 4aThe adventures of Captain Underpants / cby Dav Pilkey. aNew York : bScholastic, c1997 a117 pages : billustrations : c19cm. eCaptain underpants. a720